| 000 | 00732nam a22001817a 4500 | ||
|---|---|---|---|
| 003 | OSt | ||
| 005 | 20250204123436.0 | ||
| 008 | 240816b ||||| |||| 00| 0 eng d | ||
| 040 | _c0 | ||
| 082 | _aDPer 364.05 J82 Winter-Spring 2020 v. 110 n. 1-2 | ||
| 100 |
_aClafton, Riley E. _eauthor. _958090 |
||
| 245 |
_aA material change to Brady : _brethinking Brady V. Maryland, materiality, and criminal discovery / _cRiley E. Clafton. |
||
| 260 |
_aEvanston ; _bNorthwestern University Press , _cSpring 2020. |
||
| 300 |
_avolume 110, pages 307-348, _billustration. |
||
| 500 | _aThe Journal of Criminal Law and Criminology, vol. 110, pages 307-348, Spring 2020. | ||
| 700 |
_aClafton, Riley E. _eauthor. _958090 |
||
| 942 |
_2ddc _cPER |
||
| 999 |
_c20566 _d20566 |
||